Top 10 Città più popolose Provincia di Rovigo - Statistics

Statistiche generali
  • Questo quiz è stato fatto 15 volte
  • Il punteggio medio è 7 su 10
Statistiche sulle risposte
Popolazione (ab.) Città % Corretto
50 164 Rovigo
92%
20 233 Adria
85%
10 536 Badia Polesine
85%
8 495 Taglio di Po
85%
12 024 Lendinara
77%
10 058 Porto Tolle
69%
11 351 Occhiobello
54%
14 645 Porto Viro
54%
6 481 Rosolina
54%
5 188 Villadose
31%
Nessun quiz corrispondente trovato
Distribuzione punteggi
Percentuale di utenti per punteggio
Percentile per numero di risposta
I tuoi punteggi nel tempo
Non hai fatto questo quiz